000 00423nam a22001217a 4500
008 161101b xxu||||| |||| 00| 0 eng d
050 _aJA26.J68(1972-73 Vol.50-51)
245 _aPublic Administration:
_bJournal of the Royal Institute of Public Administration./
250 _aVol.50-51.
260 _aLondon.:
_bRoyal institute of public administration :
_c1972-73.
300 _a518pgs - 485pgs.:
_c24 cm.
942 _2lcc
_cBK
999 _c6088
_d13588